| 000 | 00524nam a2200181 a 4500 | ||
|---|---|---|---|
| 005 | 20221119063435.0 | ||
| 008 | 991125s1984 es 000 0 spa u | ||
| 035 | _aUPN01000005028 | ||
| 049 | _aCG | ||
| 050 | 4 |
_aRJ506 A9 _bR4.38 |
|
| 100 | 1 | _aRutter, Michael | |
| 245 | 1 | 0 |
_aAutismo reevaluación de los conceptos y el tratamiento / _cM. Rutter, E. Schopler ; tr. A. López-Lago. |
| 260 |
_aMadrid : _bAlhambra, _c1984. |
||
| 300 | _a505 p. | ||
| 650 | 2 |
_aAutismo _9362 |
|
| 700 | 1 |
_aSchopler, E., _ecoaut. |
|
| 905 | _aLibro | ||
| 999 |
_c5028 _d5028 |
||